000 00385nam a22001571a 4500
020 _a9788190259576
082 _aH3
_bBAJ/S
100 _aBajarang Dutta Mishra
245 _aSahaj swarup kausalya/
_cby Bajarang Dutta Mishra
260 _aIllahabad:
_bAnkur,
_c2005.
300 _a104p.
650 _aNovel Hindi
650 _aLiterature Hindi
650 _aLiterature
942 _cBK
999 _c39130
_d39130